00736nam a2200169 a 450000100100000000500170001000800410002710000350006824501200010326000710022330000360029450000670033070000330039795201060043099900170053604000130055300003783520201002031125.0130306s2003 dr ac 000 0 spa d1 aBáez Rondón, Elegio96429010aDesarrollo histórico y socio-cultural del Municipio de Esperanza /cEligio Báez Rondón, Juan Augusto Santana. aMao, Valverde, República Dominicana :bmpresos Blanquito,c2003. a226 p. :bil., retrs. ;c23 cm. aIncluye datos biográficos de los autores en la contraportada1 aSantana, Juan Augusto964291 00107-18PDaPDbPDcOId2013-03-06iLF1l0o p37835-10r2020-06-25w2020-06-25yLFPDZNo se presta c37325d37325 aDO-SdBNP